Statistics for World Cities by Montage

Click here to take the quiz!

General Stats

  • This quiz has been taken 95 times
  • The average score is 14 of 16

Answer Stats

Answer% Correct
New York City
100%
Paris
100%
Los Angeles
99%
Beijing
98%
Rome
98%
Rio de Janeiro
96%
Sydney
96%
Moscow
95%
Dubai
93%
Barcelona
92%
Tokyo
92%
Toronto
92%
Istanbul
81%
Delhi
80%
Bangkok
66%
Cape Town
64%

Score Distribution

Percentile by Number Answered

Percent of People with Each Score

Your Score History

You have not taken this quiz